[Event "Titled Tue 24th Jun Late"]
[Site "chess.com INT"]
[Date "2025.06.24"]
[Round "4"]
[White "Donoso Aguirre, Maximiliano"]
[Black "Milare, Tyron"]
[Result "1-0"]
[WhiteTitle "CM"]
[BlackTitle "FM"]
[WhiteElo "2050"]
[BlackElo "2248"]
[WhiteFideId "3458920"]
[BlackFideId "12987018"]
[EventDate "2025.06.24"]

1. e4 c5 2. c3 d5 3. exd5 Qxd5 4. d4 Nf6 5. Nf3 Bg4 6. Nbd2 cxd4 7. Bc4 Qc5 8.
Qb3 dxc3 9. Bxf7+ Kd8 10. bxc3 Nc6 11. Ba3 Qb6 12. Nd4 Qxb3 13. Nxc6+ bxc6 14.
axb3 e6 15. h3 Bf5 16. g4 Bxa3 17. Rxa3 Be4 18. f3 Bd3 19. Kf2 Ke7 20. g5 Kxf7
21. gxf6 gxf6 22. Rha1 a6 23. c4 Bf5 24. h4 Rhd8 25. Ke2 Bd3+ 26. Ke1 Rg8 27.
Kf2 Rad8 28. Rxa6 f5 29. Ra7+ Kf6 30. Rxh7 Bc2 31. Nf1 f4 32. Rh6+ Bg6 33. h5
Kg5 34. Rxg6+ Rxg6 35. hxg6 Kxg6 36. Ke2 Kf5 37. Rd1 Rb8 38. Nd2 Rh8 39. Kd3 Rh2
40. Kd4 e5+ 41. Kc5 Rh6 42. Ne4 Rh3 43. Rd3 Rh6 44. Nd6+ Ke6 45. Kxc6 Ke7 46.
Kc5 Ke6 47. b4 Rh3 48. b5 Rh8 49. Ne4 Rc8+ 50. Kb4 Rb8 51. Rd6+ Ke7 52. c5 Rh8
53. b6 Rh3 54. Rd3 Rh1 55. Kc4 Rc1+ 56. Kb5 Rb1+ 57. Kc6 Rb2 58. Kc7 Rb5 59. b7 1-0

[Event "Titled Tue 24th Jun Late"]
[Site "chess.com INT"]
[Date "2025.06.24"]
[Round "4"]
[White "Tan, Zhongyi"]
[Black "Kozak, Adam"]
[Result "1-0"]
[WhiteTitle "GM"]
[BlackTitle "GM"]
[WhiteElo "2546"]
[BlackElo "2587"]
[WhiteFideId "8603642"]
[BlackFideId "753246"]
[EventDate "2025.06.24"]

1. e4 h6 2. d4 a6 3. c4 b5 4. cxb5 axb5 5. Bxb5 Bb7 6. Nc3 e6 7. Nge2 Nf6 8. Bd3
c5 9. O-O cxd4 10. Nxd4 Nc6 11. Be3 Be7 12. Nxc6 Bxc6 13. e5 Nd5 14. Nxd5 Bxd5
15. Qg4 g5 16. a4 h5 17. Qd4 Rb8 18. a5 Rb4 19. Qc3 Qa8 20. Rfc1 O-O 21. f3 g4
22. Bc5 Bxc5+ 23. Qxc5 Rxb2 24. Qe3 f5 25. exf6 Rxf6 26. Qg5+ Kf7 27. Qxh5+ Ke7
28. Qxg4 Qa7+ 29. Kh1 Qf2 30. Be4 Bxe4 31. fxe4 Ra2 32. Qg7+ Rf7 33. Qg5+ Rf6
34. h3 Rxa1 35. Rxa1 Kf7 36. a6 Qd4 37. Qa5 Qxe4 38. a7 Qa8 39. Qh5+ Ke7 40. Qg5
Kf7 41. Qh5+ Rg6 42. Qf3+ Qxf3 43. gxf3 1-0

[Event "Titled Tue 24th Jun Late"]
[Site "chess.com INT"]
[Date "2025.06.24"]
[Round "4"]
[White "Kobo, Ori"]
[Black "Smirnov, Alexandr A."]
[Result "1-0"]
[WhiteTitle "GM"]
[BlackTitle "FM"]
[WhiteElo "2493"]
[BlackElo "2136"]
[WhiteFideId "2812320"]
[BlackFideId "24104396"]
[EventDate "2025.06.24"]

1. c4 Nf6 2. Nc3 g6 3. e4 d6 4. d4 Bg7 5. Nf3 O-O 6. Bd3 c5 7. d5 e6 8. h3 exd5
9. exd5 Re8+ 10. Be3 Na6 11. O-O Nc7 12. a4 a6 13. a5 Rb8 14. Qd2 b5 15. axb6
Rxb6 16. Rab1 Bd7 17. Rfe1 Qb8 18. g4 h5 19. g5 Nh7 20. h4 Nf8 21. Bf4 Rxe1+ 22.
Nxe1 Ne8 23. Ne4 Rxb2 24. Rxb2 Qxb2 25. Qxb2 Bxb2 26. Nxd6 a5 27. Nb7 a4 28.
Nxc5 a3 29. Bb1 Bf5 30. Ba2 f6 31. Ned3 fxg5 32. hxg5 Kf7 33. Ne5+ Ke7 34. Nc6+
Kf7 35. Nb7 Nd7 36. c5 Kf8 37. d6 h4 38. Ncd8 h3 39. c6 Nb6 40. Kh2 Bd4 41. Ne6+
Bxe6 42. Bxe6 Bxf2 43. d7 1-0

[Event "Titled Tue 24th Jun Late"]
[Site "chess.com INT"]
[Date "2025.06.24"]
[Round "4"]
[White "Arias Igual, Alejandro"]
[Black "Sharankov, Grigory"]
[Result "1-0"]
[WhiteTitle "FM"]
[BlackTitle "CM"]
[WhiteElo "2242"]
[BlackElo "2238"]
[WhiteFideId "2254905"]
[BlackFideId "4168356"]
[EventDate "2025.06.24"]

1. e4 e6 2. d3 d5 3. c3 h6 4. Nf3 Nf6 5. exd5 exd5 6. d4 Be6 7. h3 Bd6 8. Bd3
O-O 9. Be3 Nbd7 10. O-O c5 11. dxc5 Nxc5 12. Bc2 Nce4 13. Nbd2 Qc7 14. Nd4 a6
15. Nxe6 fxe6 16. Nxe4 dxe4 17. Qe2 Rae8 18. Rad1 Qe7 19. Qc4 b5 20. Qe2 Bb8 21.
g3 Nd5 22. Bxe4 Nxe3 23. Qxe3 Ba7 24. Qe2 Qg5 25. Kg2 Re7 26. h4 Qc5 27. Qg4 Rf6
28. Rd8+ Kf7 29. h5 Qg5 30. Bg6+ Rxg6 31. hxg6+ Kxg6 32. Qxg5+ hxg5 33. Rfd1 Rf7
34. R1d2 Bc5 35. R8d3 Rf6 36. Rf3 g4 37. Rxf6+ gxf6 38. f3 gxf3+ 39. Kxf3 Kf5
40. g4+ Ke5 41. Rd7 a5 42. Rb7 b4 43. Rb5 Kd5 44. Rxa5 bxc3 45. bxc3 e5 46. Ra4
Bd6 47. Re4 1-0

[Event "Titled Tue 24th Jun Late"]
[Site "chess.com INT"]
[Date "2025.06.24"]
[Round "4"]
[White "Pakleza, Zbigniew"]
[Black "Mujumdar, Sameer"]
[Result "1-0"]
[WhiteTitle "GM"]
[WhiteElo "2484"]
[BlackElo "2043"]
[WhiteFideId "1119290"]
[BlackFideId "2029707"]
[EventDate "2025.06.24"]

1. d4 Nf6 2. Nf3 g6 3. Bf4 Bg7 4. e3 O-O 5. Be2 d6 6. h3 b6 7. c3 Bb7 8. a4 a6
9. O-O Nbd7 10. Bh2 e6 11. Nbd2 Ne4 12. Nxe4 Bxe4 13. Nd2 Bb7 14. Bf3 Qc8 15.
Qb3 Bxf3 16. Nxf3 Qb7 17. Rfe1 Nf6 18. Rac1 Ne4 19. a5 Rfb8 20. axb6 Qxb6 21.
Qc2 Nf6 22. Rb1 a5 23. b3 Qc6 24. e4 h6 25. c4 Qe8 26. e5 dxe5 27. Bxe5 Rb7 28.
d5 Ra6 29. Qc3 Qd8 30. dxe6 Rxe6 31. Qxa5 Qe8 32. Bxc7 Ne4 33. Re3 Rc6 34. Be5
Rc5 35. Qe1 f5 36. Bxg7 Kxg7 37. Nd2 Re5 38. Nxe4 fxe4 39. b4 Qf7 40. Rxe4 Rf5
41. c5 Qa2 42. c6 Rbf7 43. f3 Qc2 44. Rc1 Qb2 45. c7 Rg5 46. Qc3+ Qxc3 47. Rxc3 1-0

[Event "Titled Tue 24th Jun Late"]
[Site "chess.com INT"]
[Date "2025.06.24"]
[Round "4"]
[White "Savitha, Shri B"]
[Black "Gallo Garcia, Kemel Antonio"]
[Result "1-0"]
[WhiteTitle "IM"]
[BlackTitle "FM"]
[WhiteElo "2293"]
[BlackElo "2362"]
[WhiteFideId "35061887"]
[BlackFideId "3523896"]
[EventDate "2025.06.24"]

1. d4 Nf6 2. c4 e6 3. Nc3 Bb4 4. e3 O-O 5. Bd3 d5 6. Nf3 b6 7. O-O Ba6 8. cxd5
exd5 9. Bxa6 Nxa6 10. Qa4 Qc8 11. Bd2 Bxc3 12. Bxc3 c6 13. Rac1 Qb7 14. Ne5 Rac8
15. b4 Ne4 16. f3 Nd6 17. Bd2 f6 18. Rxc6 Rxc6 19. Qxc6 Qe7 20. Qxd5+ Kh8 21.
Nc6 Qd7 22. Nxa7 Nc7 23. Qc6 Qe7 24. Rc1 Ne6 25. Nb5 Nf5 26. d5 Ng5 27. e4 Nxe4
28. fxe4 Qxe4 29. d6 Qd3 30. Bf4 g5 31. Bg3 Qe3+ 32. Bf2 Qd3 33. d7 Kg7 34. Qc7
Kg6 35. Na7 Qd2 36. Nc8 Rd8 37. Qc2 Qxd7 38. Nxb6 Qe6 39. g4 Rd2 40. Qxf5+ 1-0

[Event "Titled Tue 24th Jun Late"]
[Site "chess.com INT"]
[Date "2025.06.24"]
[Round "4"]
[White "Schuster, Karsten"]
[Black "Yevchenko, Oleksandr"]
[Result "1-0"]
[WhiteTitle "FM"]
[BlackTitle "CM"]
[WhiteElo "2266"]
[BlackElo "2276"]
[WhiteFideId "4611071"]
[BlackFideId "14108267"]
[EventDate "2025.06.24"]

1. e4 c5 2. Nf3 d6 3. Bb5+ Bd7 4. Bxd7+ Qxd7 5. O-O Nf6 6. Re1 Nc6 7. c3 e5 8.
d3 Be7 9. Nbd2 h6 10. Nc4 b5 11. Ne3 O-O 12. Nf5 d5 13. Nxe7+ Qxe7 14. exd5 Nxd5
15. Qb3 Rfd8 16. Qxb5 Rac8 17. Qc4 Nb6 18. Qe4 f6 19. Be3 Qd6 20. Rad1 Nd5 21.
Nh4 Nce7 22. Nf5 Nxf5 23. Qxf5 Ne7 24. Qf3 f5 25. g3 Kh8 26. Qh5 f4 27. gxf4
exf4 28. Bxf4 Qxf4 29. Rxe7 Rf8 30. Qe2 Qg5+ 31. Kh1 Rc6 32. Rg1 Qd5+ 33. Qe4
Qxe4+ 34. dxe4 Rxf2 35. Rgxg7 Rxb2 36. Rgf7 Kg8 37. Rxa7 Rd6 38. Rfd7 Rxd7 39.
Rxd7 Rxa2 40. Rc7 Re2 41. Rxc5 Rxe4 42. Kg2 Re2+ 43. Kg3 Kg7 44. Rc6 Rc2 45. h4
h5 46. Kf4 Kh7 47. Kg5 Rc1 48. Kxh5 Rc2 49. Rc7+ Kh8 50. c4 Rc3 51. Kh6 Rc2 52.
Rc8# 1-0

[Event "Titled Tue 24th Jun Late"]
[Site "chess.com INT"]
[Date "2025.06.24"]
[Round "4"]
[White "Ambartsumova, Karina"]
[Black "Jing, Andrew"]
[Result "1-0"]
[WhiteTitle "IM"]
[BlackTitle "FM"]
[WhiteElo "2403"]
[BlackElo "2292"]
[WhiteFideId "4166299"]
[BlackFideId "30984076"]
[EventDate "2025.06.24"]

1. Nf3 Nf6 2. c4 g6 3. d4 Bg7 4. g3 O-O 5. Bg2 d6 6. O-O Nc6 7. Nc3 a6 8. Bf4
Rb8 9. Rc1 Nh5 10. Bg5 h6 11. Be3 e5 12. Qd2 Kh7 13. dxe5 Nxe5 14. b3 Be6 15.
Nd4 Bd7 16. h3 c6 17. Kh2 Qe7 18. f4 c5 19. Nd5 Qd8 20. fxe5 cxd4 21. Bxd4 dxe5
22. Bc5 f5 23. Bxf8 Qxf8 24. e4 f4 25. g4 Ng3 26. Rf3 Bc6 27. Rd3 Qc5 28. b4 Qf8
29. a3 h5 30. Bf3 Bh6 31. Qb2 hxg4 32. hxg4 Bg7 33. b5 Bxd5 34. cxd5 Qe7 35. Kg2
axb5 36. Qxb5 Qd6 37. Rdc3 Kh6 38. Qb4 Qa6 39. Qe7 Bf6 40. Qe6 Qxe6 41. dxe6 Rd8
42. R1c2 Rd6 43. Rb3 b6 44. a4 Rxe6 45. Rd3 Kg5 46. Rc7 Bd8 47. Rxd8 Rf6 48. Rd5
Re6 49. Rcd7 Re8 50. R7d6 Rc8 51. Rxe5+ Kh4 52. Rd2 g5 53. Re6 Nh5 54. gxh5 b5
55. axb5 Rc1 56. h6 g4 57. h7 gxf3+ 58. Kxf3 Kg5 59. Rd5+ 1-0

[Event "Titled Tue 24th Jun Late"]
[Site "chess.com INT"]
[Date "2025.06.24"]
[Round "4"]
[White "Ragger, Markus"]
[Black "Ismagilov, Damir"]
[Result "1-0"]
[WhiteTitle "GM"]
[BlackTitle "CM"]
[WhiteElo "2566"]
[BlackElo "2173"]
[WhiteFideId "1610856"]
[BlackFideId "34199982"]
[EventDate "2025.06.24"]

1. d4 d5 2. c4 dxc4 3. Nf3 Nf6 4. e3 e6 5. Bxc4 c5 6. O-O a6 7. b3 b6 8. Ba3
Nbd7 9. d5 exd5 10. Bxd5 Rb8 11. Bb2 Be7 12. Ne5 Nxe5 13. Bxe5 Nxd5 14. Bxb8 Bf6
15. Na3 Bxa1 16. Qxa1 O-O 17. Bg3 Qe7 18. Nc4 Rd8 19. Rd1 b5 20. Nd6 Be6 21. h3
h6 22. Qe5 Qg5 23. Qxg5 hxg5 24. Ne4 c4 25. bxc4 bxc4 26. Nxg5 c3 27. Nxe6 fxe6
28. Rc1 Rc8 29. Kf1 c2 30. a3 Rc3 31. Ke2 Kf7 32. Kd2 Rxa3 33. Rxc2 a5 34. Be5
g5 35. Rb2 Nb4 36. Bc3 Nd5 37. Bd4 Kg6 38. g4 Ra4 39. Rb7 Ra2+ 40. Kd3 Rxf2 41.
Rg7+ Kh6 42. Ra7 Rf3 43. Ra6 Kh7 44. Ke4 Rxh3 45. Rxe6 Nb4 46. Kf5 Rf3+ 47. Kxg5
Rf7 48. Rh6+ Kg8 49. Rh8# 1-0

[Event "Titled Tue 24th Jun Late"]
[Site "chess.com INT"]
[Date "2025.06.24"]
[Round "4"]
[White "Sprenar, Petr"]
[Black "Amburgy, Ryan"]
[Result "0-1"]
[WhiteTitle "FM"]
[BlackTitle "FM"]
[WhiteElo "2318"]
[BlackElo "2332"]
[WhiteFideId "397164"]
[BlackFideId "30924820"]
[EventDate "2025.06.24"]

1. d4 Nf6 2. c4 e6 3. g3 c5 4. Nf3 cxd4 5. Nxd4 d5 6. Bg2 e5 7. Nf3 d4 8. O-O
Nc6 9. e3 Be7 10. exd4 exd4 11. Re1 O-O 12. Bf4 Qb6 13. Nbd2 Bf5 14. Qb3 Rfe8
15. Ne5 Nxe5 16. Rxe5 Be6 17. Qxb6 axb6 18. Bxb7 Ra7 19. Bc6 Rc8 20. Bb5 Bd6 21.
Ree1 Bxf4 22. gxf4 g6 23. Nf3 d3 24. b3 Rd8 25. Nd2 Nh5 26. f3 Nxf4 27. a4 Bf5
28. Kf2 Ne6 29. b4 Nd4 30. a5 Nc2 31. axb6 Rxa1 32. Rxa1 Nxa1 33. c5 Rb8 34. Ba6
Nc2 35. b5 Nb4 36. Ke3 Nd5+ 37. Kd4 Nxb6 38. cxb6 Rxb6 39. Kc5 Rb8 40. b6 Kf8
41. b7 Ke7 42. Kc6 Kd8 43. f4 h6 44. h4 f6 45. Nf3 Be4+ 0-1

[Event "Titled Tue 24th Jun Late"]
[Site "chess.com INT"]
[Date "2025.06.24"]
[Round "4"]
[White "Pavlidou, Ekaterini"]
[Black "Tikhonov, Viacheslav"]
[Result "1-0"]
[WhiteTitle "WIM"]
[BlackTitle "CM"]
[WhiteElo "2198"]
[BlackElo "2183"]
[WhiteFideId "4213262"]
[BlackFideId "44196407"]
[EventDate "2025.06.24"]

1. d4 Nf6 2. c4 g6 3. Nc3 d5 4. cxd5 Nxd5 5. e4 Nxc3 6. bxc3 Bg7 7. Bc4 c5 8.
Be3 O-O 9. Ne2 Nc6 10. O-O e6 11. Qd2 Qa5 12. Qb2 Rd8 13. Rad1 Qc7 14. Bb3 b6
15. Bf4 e5 16. Bg3 Ba6 17. d5 Na5 18. c4 Nxc4 19. Qc1 Nd6 20. Nc3 Bxf1 21. Rxf1
b5 22. h4 c4 23. Bc2 b4 24. Ne2 Rab8 25. Ba4 Qc5 26. Qc2 Nb5 27. h5 Nd4 28. Nxd4
Qxd4 29. Bh4 Rdc8 30. hxg6 Qd3 31. gxf7+ Kxf7 32. Qc1 Qxe4 33. Bd7 Qxd5 34. Bxc8
Rxc8 35. f4 e4 36. f5 Qd4+ 37. Bf2 Qe5 38. Be3 Rc6 39. Qd1 Bf6 40. Qd7+ Be7 41.
Qxc6 Bd6 42. Qxc4+ Ke8 43. Qg8+ Kd7 44. Qxh7+ Kc6 45. Qh3 Kb5 46. f6 Bf8 47. f7
Qc3 48. Qd7+ Ka6 49. Qd4 1-0

[Event "Titled Tue 24th Jun Late"]
[Site "chess.com INT"]
[Date "2025.06.24"]
[Round "4"]
[White "Adewumi, Tanitoluwa"]
[Black "Golis, Wiktor"]
[Result "1/2-1/2"]
[WhiteTitle "FM"]
[BlackTitle "FM"]
[WhiteElo "2362"]
[BlackElo "2307"]
[WhiteFideId "30966396"]
[BlackFideId "21055874"]
[EventDate "2025.06.24"]

1. Nf3 d5 2. b3 Nf6 3. Bb2 e6 4. g3 c5 5. Bg2 Nc6 6. O-O Be7 7. d4 O-O 8. e3 b6
9. c4 Bb7 10. dxc5 Bxc5 11. Ne5 Nxe5 12. Bxe5 Qe7 13. Nc3 Rfd8 14. cxd5 Nxd5 15.
Qg4 f6 16. Nxd5 Bxd5 17. Bc3 Bxg2 18. Kxg2 a5 19. Rad1 e5 20. Qc4+ Qf7 21. Qe4
Rac8 22. h4 Rd7 23. Rxd7 Qxd7 24. h5 Bxe3 25. Qxe3 Qc6+ 26. Kh2 Qxc3 27. Qxb6
Kh8 28. Rd1 h6 29. Rd8+ Rxd8 30. Qxd8+ Kh7 31. Qb6 Qf3 32. Kg1 Qd1+ 33. Kg2 Qd5+
34. f3 e4 35. Qf2 f5 36. fxe4 fxe4 37. Qe3 a4 38. Kh3 Qxh5+ 39. Kg2 Qd5 40. Kh3
axb3 41. axb3 h5 42. Kh2 Qd3 43. Qg5 Qe2+ 44. Kh3 e3 45. Qf5+ Kh6 46. Qf4+ Kh7
47. Qf5+ Kh8 48. Qf8+ Kh7 49. Qf5+ 1/2-1/2

[Event "Titled Tue 24th Jun Late"]
[Site "chess.com INT"]
[Date "2025.06.24"]
[Round "4"]
[White "Reshetnikov, Alexey"]
[Black "Xie, Bryan"]
[Result "0-1"]
[WhiteTitle "IM"]
[BlackTitle "FM"]
[WhiteElo "2492"]
[BlackElo "2312"]
[WhiteFideId "4162080"]
[BlackFideId "30941296"]
[EventDate "2025.06.24"]

1. d4 d5 2. c4 dxc4 3. e3 e6 4. Bxc4 Nf6 5. Nf3 c5 6. O-O a6 7. Bb3 b5 8. dxc5
Bxc5 9. Qe2 Bb7 10. Nbd2 O-O 11. e4 Nc6 12. e5 Nd7 13. Ne4 Nd4 14. Nxd4 Bxd4 15.
Nd6 Bc6 16. Bf4 Qb6 17. Rad1 Rad8 18. Bc2 g6 19. Bb1 b4 20. Rfe1 Bc5 21. Bh6
Bxd6 22. Rxd6 Rfe8 23. Bg5 Rc8 24. Red1 Bb5 25. Qe4 Qc5 26. Bf4 Rc7 27. h4 Bc6
28. Qe2 Nb6 29. Qg4 h5 30. Qg5 Nd5 31. Bg3 Ba4 32. b3 Bb5 33. Rd8 Rxd8 34. Qxd8+
Kg7 35. Qg5 Be2 36. Re1 Bg4 37. Be4 Nc3 38. Qf6+ Kh7 39. Bd3 Qd5 40. Bc4 Qd4 41.
Bf4 Ne4 42. Be3 Qc3 0-1

[Event "Titled Tue 24th Jun Late"]
[Site "chess.com INT"]
[Date "2025.06.24"]
[Round "4"]
[White "Volodin, Alexandr E."]
[Black "Lyakh, Vasiliy"]
[Result "1-0"]
[WhiteTitle "FM"]
[WhiteElo "2344"]
[BlackElo "2123"]
[WhiteFideId "34268871"]
[BlackFideId "14189828"]
[EventDate "2025.06.24"]

1. d4 Nf6 2. Nc3 d5 3. Bf4 e6 4. e3 a6 5. Bd3 c5 6. dxc5 Bxc5 7. Nf3 Nc6 8. O-O
Qe7 9. e4 d4 10. e5 Nh5 11. Bg5 f6 12. Nxd4 Bxd4 13. Qxh5+ Qf7 14. Qxf7+ Kxf7
15. exf6 gxf6 16. Bd2 f5 17. Rab1 e5 18. Ne2 Ba7 19. Bc4+ Kf6 20. Bc3 Be6 21.
Bxe6 Kxe6 22. Rfe1 Rhd8 23. Nf4+ Kf6 24. Nd3 Bd4 25. Bxd4 Rxd4 26. Nc5 Rd2 27.
Rbc1 Nd4 28. Nd7+ Ke6 29. Nxe5 Ne2+ 30. Kf1 Nxc1 31. Nf3+ Re2 32. Nd4+ Kd5 33.
Nxe2 Nxa2 34. Rd1+ Kc4 35. Rd4+ Kc5 36. c3 b5 37. Rd1 Kc4 38. Nd4 b4 39. cxb4
Nxb4 40. Nxf5 Nd3 41. Ne3+ Kd4 42. Ke2 Rb8 43. Rxd3+ Ke4 44. Rd2 a5 45. f3+ Kf4
46. g3+ Kg5 47. h4+ Kh5 48. Rd5+ Kg6 49. Rg5+ Kh6 50. Ng4# 1-0

[Event "Titled Tue 24th Jun Late"]
[Site "chess.com INT"]
[Date "2025.06.24"]
[Round "4"]
[White "Gattani, Sarthak"]
[Black "Klepek, Witold"]
[Result "0-1"]
[BlackTitle "CM"]
[WhiteElo "1944"]
[BlackElo "2253"]
[WhiteFideId "30995965"]
[BlackFideId "1175068"]
[EventDate "2025.06.24"]

1. d4 Nf6 2. c4 e6 3. Nf3 c5 4. d5 exd5 5. cxd5 d6 6. Nc3 g6 7. e4 Bg7 8. Nd2
O-O 9. Be2 a6 10. a4 Re8 11. O-O Nbd7 12. Nc4 Ne5 13. Nxe5 Rxe5 14. f4 Re8 15.
Bf3 h5 16. h3 Rb8 17. a5 Bd7 18. Re1 Bb5 19. e5 dxe5 20. fxe5 Nd7 21. e6 fxe6
22. dxe6 Ne5 23. Bd5 Qh4 24. Be3 Nd3 25. Re2 Nf4 26. Rf2 Nxd5 27. Qxd5 Rbd8 28.
Qxc5 Rxe6 29. Bg5 Qd4 30. Qc7 Rf8 31. Qg3 Be5 32. Qe3 Bh2+ 33. Kxh2 Rxe3 34.
Rxf8+ Kxf8 35. Bxe3 Qxe3 36. Nxb5 axb5 37. Rb1 Qe4 38. Rf1+ Kg7 39. Rf3 Qe5+ 40.
Kh1 Qxb2 41. Kh2 Qe5+ 42. Kg1 b4 43. Rb3 Qxa5 44. Rb1 Qc5+ 45. Kh1 Qc3 46. Rd1
b3 47. Rd7+ Kh6 48. Rxb7 b2 49. Kh2 Qc1 50. h4 b1=Q 51. Rxb1 Qxb1 52. g4 Qe4 53.
g5+ Kg7 54. Kg3 Qg4+ 55. Kf2 Qxh4+ 56. Kg1 Qxg5+ 57. Kh1 Qh4+ 58. Kg2 g5 59. Kf3
g4+ 60. Kg2 Qh3+ 61. Kg1 Qg3+ 62. Kh1 Qa3 63. Kg2 h4 64. Kh2 h3 65. Kh1 g3 66.
Kg1 Qc1# 0-1

[Event "Titled Tue 24th Jun Late"]
[Site "chess.com INT"]
[Date "2025.06.24"]
[Round "4"]
[White "Tang, Austin"]
[Black "Cieslak, Patryk"]
[Result "0-1"]
[BlackTitle "FM"]
[WhiteElo "1979"]
[BlackElo "2442"]
[WhiteFideId "30964580"]
[BlackFideId "21078882"]
[EventDate "2025.06.24"]

1. d4 d6 2. e4 e5 3. Nc3 Nf6 4. Nf3 Nbd7 5. Be3 Be7 6. Bc4 O-O 7. h3 c6 8. a4
Qc7 9. O-O h6 10. dxe5 Nxe5 11. Nxe5 dxe5 12. Qe2 Bb4 13. Bd2 Qe7 14. Rad1 Be6
15. Bxe6 Qxe6 16. Nd5 cxd5 17. Bxb4 Rfc8 18. exd5 Nxd5 19. Qe4 Nf6 20. Qf3 Rc6
21. Rfe1 Ne8 22. Rd5 f6 23. Red1 Rac8 24. Rd7 R6c7 25. Rd8 Rxd8 26. Rxd8 Rc8 27.
Qd1 Rxd8 28. Qxd8 a6 29. a5 Kf7 30. Qb8 Qd7 31. c4 Qc7 32. Qxc7+ Nxc7 33. Bc3
Ke6 34. b4 Ne8 35. b5 Nd6 36. bxa6 bxa6 37. c5 Nb5 38. Bb4 Kd5 39. f3 Na7 40.
Kf2 Nc6 41. Ba3 Nxa5 42. g4 Nc4 43. Bb4 a5 44. Bc3 Kxc5 45. Ke2 Kd5 46. Kd3 a4
47. Ba1 g6 48. h4 f5 49. h5 gxh5 50. gxh5 Nb6 51. Ke3 Nd7 52. Kd3 Nf6 53. f4 Ng4 0-1

[Event "Titled Tue 24th Jun Late"]
[Site "chess.com INT"]
[Date "2025.06.24"]
[Round "4"]
[White "Radionov, Timur"]
[Black "Avramidou, Anastasia"]
[Result "1-0"]
[WhiteTitle "FM"]
[BlackTitle "FM"]
[WhiteElo "2200"]
[BlackElo "2294"]
[WhiteFideId "34178772"]
[BlackFideId "4239873"]
[EventDate "2025.06.24"]

1. e4 e6 2. d4 d5 3. Nd2 c5 4. exd5 exd5 5. Ngf3 Nc6 6. Bb5 Qe7+ 7. Qe2 Qxe2+ 8.
Kxe2 Nf6 9. Re1 Be6 10. Ne5 Rc8 11. Nb3 Bd6 12. Bxc6+ bxc6 13. Nxc5 Bf5 14. c3
O-O 15. f3 Rfe8 16. Kf2 h6 17. Bd2 a5 18. a4 Bc2 19. b4 Nh7 20. Nb7 Bxe5 21.
Rxe5 Rxe5 22. dxe5 axb4 23. cxb4 Nf8 24. Nc5 Ra8 25. a5 Ne6 26. Nxe6 fxe6 27. a6
Kf7 28. Ke3 Ke7 29. Kd4 Kd7 30. Kc5 Kc7 31. a7 Bd3 32. Be3 Bb5 33. g3 Bc4 34. f4
g6 35. g4 Bd3 36. f5 gxf5 37. gxf5 Bxf5 38. Bxh6 Kb7 39. Be3 Rxa7 40. Rxa7+ Kxa7
41. Kxc6+ Kb8 42. Kd6 Kb7 43. b5 Bg4 44. h4 1-0

[Event "Titled Tue 24th Jun Late"]
[Site "chess.com INT"]
[Date "2025.06.24"]
[Round "4"]
[White "Stamatiou, Rodolfos"]
[Black "Veiga, Jose Francisco R P Neves"]
[Result "1-0"]
[WhiteTitle "FM"]
[BlackTitle "IM"]
[WhiteElo "2269"]
[BlackElo "2390"]
[WhiteFideId "25826530"]
[BlackFideId "1930087"]
[EventDate "2025.06.24"]

1. e4 c5 2. Nf3 d6 3. d4 cxd4 4. Nxd4 Nf6 5. Nc3 a6 6. Bg5 e6 7. f4 Be7 8. Qf3
Qc7 9. O-O-O Nbd7 10. Kb1 b5 11. Bxb5 axb5 12. Ndxb5 Qb8 13. e5 Bb7 14. Qg3 dxe5
15. fxe5 Nxe5 16. Rhe1 Nfd7 17. Bxe7 Kxe7 18. Nd6 Ng6 19. Nf5+ Kf8 20. Rxd7 exf5
21. Qd3 Ne5 22. Qxf5 Nxd7 23. Qxd7 Qc8 24. Qe7+ Kg8 25. Nb5 Bd5 26. b3 Qe6 27.
Rxe6 Bxe6 28. Nc7 Rf8 29. Nxe6 fxe6 30. Qxe6+ Rf7 31. Qe8+ Rf8 32. Qe6+ Rf7 33.
Qc8+ Rf8 34. Qc4+ Rf7 35. a4 g6 36. a5 Kg7 37. a6 Ra8 38. b4 Rf5 39. b5 Rb8 40.
Qd4+ Kg8 41. c4 Re8 42. a7 Rf1+ 43. Kb2 Re2+ 44. Kc3 Rc1+ 45. Kb4 1-0

[Event "Titled Tue 24th Jun Late"]
[Site "chess.com INT"]
[Date "2025.06.24"]
[Round "4"]
[White "Gerbelli Neto, Eduardo"]
[Black "Van Baar, Esper"]
[Result "1-0"]
[BlackTitle "FM"]
[WhiteElo "2114"]
[BlackElo "2232"]
[WhiteFideId "2103281"]
[BlackFideId "1049321"]
[EventDate "2025.06.24"]

1. e4 c6 2. d4 d5 3. exd5 cxd5 4. c4 Nf6 5. Nc3 e6 6. Nf3 Bb4 7. cxd5 Nxd5 8.
Qc2 h6 9. Bd3 Nc6 10. O-O O-O 11. a3 Be7 12. Qe2 b6 13. Qe4 f5 14. Qe2 Bf6 15.
Rd1 Qd6 16. Bc4 Bb7 17. Nxd5 exd5 18. Bb3 Rae8 19. Qd3 Re4 20. g3 Nxd4 21. Bf4
Nxf3+ 22. Qxf3 Be5 23. Bd2 Bxb2 24. Bb4 Qf6 25. Rab1 Rd8 26. Rd2 Be5 27. Rbd1
Kh8 28. Bxd5 Bxd5 29. Rxd5 Rxd5 30. Rxd5 Qe6 31. Rd8+ Kh7 32. Kg2 Bf6 33. Rd6
Qe8 34. Qxf5+ Qg6 35. Qxg6+ Kxg6 36. Rd7 a5 37. Bd2 Rd4 38. Rxd4 Bxd4 39. f4 a4
40. Bb4 Kf5 41. Kf3 g6 42. g4+ Ke6 43. Ke4 Bc5 44. f5+ gxf5+ 45. gxf5+ Kf6 46.
Bc3+ Kf7 47. Bb2 Bd6 48. h3 Bc5 49. Kd5 h5 50. Kc6 Kf8 51. Kb5 Kf7 52. Kxa4 1-0

[Event "Titled Tue 24th Jun Late"]
[Site "chess.com INT"]
[Date "2025.06.24"]
[Round "4"]
[White "Vazelakis, Dimitrios"]
[Black "Zeliantsova, Kseniya"]
[Result "0-1"]
[BlackTitle "WFM"]
[WhiteElo "1857"]
[BlackElo "2062"]
[WhiteFideId "4203674"]
[BlackFideId "13512617"]
[EventDate "2025.06.24"]

1. d4 Nf6 2. Nf3 g6 3. g3 Bg7 4. Bg2 d6 5. O-O O-O 6. Nbd2 Nbd7 7. e4 e5 8. c3
Re8 9. d5 c6 10. c4 Nc5 11. Re1 Nd3 12. Re3 Nxc1 13. Rxc1 cxd5 14. cxd5 Ng4 15.
Re1 f5 16. exf5 gxf5 17. Nc4 Bh6 18. Rc2 b5 19. h3 Nf6 20. Ne3 f4 21. Nf1 Bf5
22. Rc6 Bg7 23. g4 Bg6 24. Nh4 e4 25. Nxg6 hxg6 26. Nd2 f3 27. Bf1 Qd7 28. Bxb5
Nxg4 29. Nxe4 Ne5 30. Kh2 Nxc6 31. Bxc6 Be5+ 32. Ng3 Qc7 33. Bxa8 Rxa8 34. Qd3
Qf7 35. Qe4 Rf8 36. Qg4 Kh7 37. Rc1 a5 38. b3 Qa7 39. Rc2 Rf4 40. Qg5 Qf7 41.
Rc6 Rf5 42. Qg4 Bxg3+ 43. Qxg3 Rxd5 44. Qh4+ Kg7 0-1